|
|
|
|
| LEADER |
00000naa2a2200000 4500 |
| 001 |
606658 |
| 005 |
20260304094342.0 |
| 035 |
|
|
|a (RuTPU)RU\TPU\conf\4037
|
| 035 |
|
|
|a RU\TPU\conf\4033
|
| 090 |
|
|
|a 606658
|
| 100 |
|
|
|a 20140605d2014 k y0rusy50 ca
|
| 101 |
0 |
|
|a rus
|
| 102 |
|
|
|a RU
|
| 135 |
|
|
|a drgn ---uucaa
|
| 181 |
|
0 |
|a i
|
| 182 |
|
0 |
|a b
|
| 200 |
1 |
|
|a Оценка отклонения состояния дуговой плазмы термоэмиссионного диода от термодинамического равновесия
|f Т. А. Пискунова
|g науч. рук. В. П. Зимин
|
| 203 |
|
|
|a Текст
|c электронный
|
| 225 |
1 |
|
|a Основные теоретико-методологические и прикладные направления развития естественных наук: физики, химии, математики
|
| 300 |
|
|
|a Заглавие с титульного экрана
|
| 320 |
|
|
|a [Библиогр.: с. 264 (5 назв.)]
|
| 337 |
|
|
|a Adobe Reader
|
| 463 |
|
1 |
|0 (RuTPU)RU\TPU\conf\3591
|t Ресурсоэффективным технологиям - энергию и энтузиазм молодых
|o Сборник научных трудов V Всероссийской конференции студентов элитного технического образования, г. Томск, 25 -27 марта 2014 г.
|f Национальный исследовательский Томский политехнический университет (ТПУ)
|v [С. 261-264]
|d 2014
|
| 610 |
1 |
|
|a труды учёных ТПУ
|
| 610 |
1 |
|
|a электронный ресурс
|
| 610 |
1 |
|
|a отклонения
|
| 610 |
1 |
|
|a дуговая плазма
|
| 610 |
1 |
|
|a термоэмиссионные диоды
|
| 610 |
1 |
|
|a термодинамическое равновесие
|
| 700 |
|
1 |
|a Пискунова
|b Т. А.
|
| 702 |
|
1 |
|a Зимин
|b В. П.
|c специалист в области информатики и вычислительной техники
|c доцент Томского политехнического университета, кандидат технических наук
|f 1955-
|g Вячеслав Прокопьевич
|4 727
|
| 712 |
0 |
2 |
|a Национальный исследовательский Томский политехнический университет (ТПУ)
|b Институт кибернетики (ИК)
|b Кафедра прикладной математики (ПМ)
|3 (RuTPU)RU\TPU\col\18700
|
| 801 |
|
2 |
|a RU
|b 63413507
|c 20210709
|g RCR
|
| 856 |
4 |
|
|u http://earchive.tpu.ru/handle/11683/66096
|
| 856 |
4 |
|
|u http://www.lib.tpu.ru/fulltext/c/2014/C08/111.pdf
|
| 942 |
|
|
|c CF
|